Pensar con imágenes.
Saved in:
| Hovedforfatter: | |
|---|---|
| Andre forfattere: | |
| Format: | Bog |
| Udgivet: |
Barcelona, España:
Gustavo Gili SL,
2012.
|
| Udgivelse: | 1ª edición, 2ª tirada. |
| Fag: | |
| Tags: |
Tilføj Tag
Ingen Tags, Vær først til at tagge denne postø!
|
MARC
| LEADER | 00000nam a22000007a 4500 | ||
|---|---|---|---|
| 003 | CL-VaPUC | ||
| 005 | 20250321101928.0 | ||
| 008 | 250121t2012 ||||| |||| 00| 0 spa d | ||
| 999 | |c 446707 |d 446705 | ||
| 020 | |a 9788425224362 | ||
| 040 | |c Pontificia Universidad Católica de Valparaíso | ||
| 082 | 0 | 4 | |a 741.6 JAR 2012 |2 21 |
| 100 | |a Jardí Soler, Enric |e autor |9 595681 | ||
| 245 | 1 | 0 | |a Pensar con imágenes. |
| 250 | |a 1ª edición, 2ª tirada. | ||
| 260 | |a Barcelona, España: |b Gustavo Gili SL, |c 2012. | ||
| 300 | |a 127 páginas. | ||
| 500 | |a c.1-c.5. Instituto Arcos 8-1-2025 | ||
| 583 | |a last modification |c 20171117 16:06:00 |k GC | ||
| 650 | 0 | |a Comunicación visual |9 265349 | |
| 700 | |a Costa, Joan |e epílogo |9 895669 | ||
| 942 | |c BK |2 ddc |n 0 | ||
| 952 | |0 0 |1 0 |2 ddc |4 0 |6 741_600000000000000_JAR_2012 |7 0 |8 A |9 599645 |a BIBINC |b BIBINC |d 2025-01-21 |e Instituto Arcos |i 5664634 |o 741.6 JAR 2012 |p 5664634 |r 2025-01-21 |t 1 |w 2025-01-21 |y BK |k IFP | ||
| 952 | |0 0 |1 0 |2 ddc |4 0 |6 741_600000000000000_JAR_2012 |7 0 |8 A |9 599646 |a BIBINC |b BIBINC |d 2025-01-21 |e Instituto Arcos |i 5664635 |o 741.6 JAR 2012 |p 5664635 |r 2025-01-21 |t 2 |w 2025-01-21 |y BK |k IFP | ||
| 952 | |0 0 |1 0 |2 ddc |4 0 |6 741_600000000000000_JAR_2012 |7 0 |8 A |9 600129 |a BIBINC |b BIBINC |d 2025-01-30 |e Instituto Arcos |i 5665047 |l 1 |o 741.6 JAR 2012 |p 5665047 |q 2025-05-22 |r 2025-04-22 |s 2025-04-22 |t 4 |w 2025-01-21 |y BK |k IFP | ||
| 952 | |0 0 |1 0 |2 ddc |4 0 |6 741_600000000000000_JAR_2012 |7 0 |8 A |9 600130 |a BIBINC |b BIBINC |d 2025-01-30 |e Instituto Arcos |i 5665048 |l 1 |o 741.6 JAR 2012 |p 5665048 |r 2025-04-09 |s 2025-04-03 |t 5 |w 2025-01-21 |y BK |k IFP | ||
| 952 | |0 0 |1 0 |2 ddc |4 0 |6 741_600000000000000_JAR_2012 |7 0 |8 A |9 600131 |a BIBINC |b BIBINC |d 2025-01-30 |e Instituto Arcos |i 5665049 |l 1 |o 741.6 JAR 2012 |p 5665049 |r 2025-03-27 |s 2025-03-19 |t 6 |w 2025-01-21 |y BK |k IFP | ||
| 952 | |0 0 |1 0 |2 ddc |4 0 |6 741_600000000000000_JAR_2012 |7 0 |8 A |9 600152 |a BIBINC |b BIBINC |d 2025-01-30 |e Instituto Arcos |i 5665009 |l 1 |o 741.6 JAR 2012 |p 5665009 |q 2025-05-22 |r 2025-04-22 |s 2025-04-22 |t 3 |w 2025-01-21 |y BK |k IFP | ||